000 00468nam a22002057a 4500
003 bpm
005 20260421081553.0
008 260421b |||||||| |||| 00| p spa d
020 _a9789877302257
024 _aS. C. C. / M. C. y E. M.:
040 _aAR-CtUCP
041 _aspa
080 _aCDU
100 _aDoldán Mario
245 _aTactos
260 _aResistencia
_bContexto
_c2017
650 _aLiteratura - Poesía
942 _cLIB
999 _c76668
_d76668